| 000 | 00905nam a22002057a 4500 | ||
|---|---|---|---|
| 999 |
_c20436 _d20436 |
||
| 003 | AR-CdUCM | ||
| 008 | 190530b ||||| |||| 00| 0 spa d | ||
| 040 |
_aMUNICIPALIDAD PROVINCIAL DEL CUSCO _cBIBLIOTECA MUNICIPAL DEL CUSCO |
||
| 082 |
_a333.098 / _bO69 |
||
| 100 |
_aPoblete Troncoso, Moisés _942733 |
||
| 245 |
_aLa reforma agraria en América Latina : _bsus bases técnicas, su justificación, problemas que plantea, las realizaciones / |
||
| 260 |
_aSantiago de Chile : _bEdit. Andrés Bello, _c1961. |
||
| 300 |
_a226 páginas ; _c24 cm. |
||
| 505 | _aContenido: Bases de la reforma agraria -- La situación de la propiedad agrícola en América Latina -- Factores que determinan la necesidad de una reforma agraria... | ||
| 650 |
_aAgricultura y Estado _94586 |
||
| 650 |
_aTenencia de la tierra _98228 |
||
| 650 |
_aAmérica Latina _91130 |
||
| 942 |
_2ddc _cLIBROS |
||
| 945 |
_adavv _d2019-05-30 |
||